Angielski 7 unit - Statystyki

Ogólne statystyki
  • Ten quiz został rozwiązany 9 razy
  • Średni wynik to 16 z 185
Statystyki odpowiedzi
Hint Odpowiedź % Poprawnych
kwas acid
71%
algorytm algorithm
71%
depresja depression
71%
teoria theory
57%
alergia allergy
43%
bakteria bacteria
43%
oddech breath
43%
pustynia desert
43%
infekcja infection
43%
owad insect
43%
wirus virus
43%
waga weight
43%
zastosować apply
29%
zasada (chemiczna) base
29%
komórka krwi blood cell
29%
cywilny civil
29%
efekt, skutek effect
29%
historyczny (ważny historycznie) historic
29%
historyczny (dotyczący przeszłości) historical
29%
imigrować immigrate
29%
poziom level
29%
ścieżka, droga path
29%
promieniowanie radiation
29%
regulować regulate
29%
ryzyko risk
29%
straszny scary
29%
standard standard
29%
wartość value
29%
przemówienie, wystąpienie przy przyjęciu nagrody acceptance speech
14%
dodawanie addition
14%
postęp advance
14%
taki sam, podobny alike
14%
nagrodzić eksperta award an expert
14%
przyznać nagrodę award a prize
14%
korzyść benefit
14%
ukuć termin coin a term
14%
zbierać, kolekcjonować collect
14%
świadomy conscious
14%
wkład contribution
14%
ciekawy curious
14%
zmniejszać, maleć decrease
14%
cukrzyca diabetes
14%
katastrofa disaster
14%
choroba disease
14%
pierwiastek element
14%
zagwarantować ensure
14%
w końcu, wreszcie finally
14%
w pełni automatyczny fully-automated
14%
zdobyć wiedzę gain knowledge
14%
krzywda, szkoda harm
14%
szkodliwy harmful
14%
zwiększać increase
14%
niesprawiedliwość injustice
14%
lek, medycyna medicine
14%
autostrada motorway
14%
otyłość obesity
14%
układ okresowy pierwiastków periodic table
14%
dostarczać, zapewniać provide
14%
odpowiedź response
14%
kradzież, rabunek robbery
14%
ominąć, unikać skip
14%
pot sweat
14%
podjąć działania take action
14%
leczyć treat
14%
zawrócić turn around
14%
odłączyć unplug
14%
prędkość velocity
14%
tłumaczyć coś account for
0%
faktycznie actually
0%
postęp, rozwój advancement
0%
wpływać na affect
0%
drogi oddechowe airway
0%
mimo wszystko all in all
0%
pojawiać się, narastać arise
0%
zapewniać assure
0%
zakazać ban
0%
opierać się na czymś be based on sth
0%
zdolny do czegoś, będący w stanie coś zrobić be capable of doing sth
0%
korzystny, pożyteczny beneficial
0%
wzrastać be on the rise
0%
biodegradowalny biodegradable
0%
różnorodność biologiczna biodiversity
0%
pikać, piszczeć (o urządzeniach elektronicznych) bleep
0%
przełom breakthrough
0%
wprowadzać, sprowadzać bring in
0%
czystość cleanliness
0%
deska do krojenia clipping board
0%
współpracować z kimś collaborate with sb
0%
zostać opublikowanym come out
0%
dolegliwość, schorzenie condition
0%
konsekwencja, skutek consequence
0%
składać się z consist of
0%
nieustannie constantly
0%
obejmować cover
0%
kredytować (przypisywać komuś zasługi) credit sb with
0%
osoba zależna, podopieczny dependent
0%
trawić digest
0%
trawienie digestion
0%
środek dezynfekujący disinfectant
0%
roztargniony distracted
0%
dzielenie division
0%
oszczędny economical
0%
równanie equation
0%
ostatecznie eventually
0%
dokładny, precyzyjny exact
0%
zjazd z autostrady exit
0%
współpracownicy naukowi fellow scientists
0%
liczba figure
0%
zrozumieć coś figure sth out
0%
skamielina fossil
0%
paliwo kopalne fossil fuel
0%
zebrać gather
0%
sympatyczny, miły genial
0%
zarazki, drobnoustroje germs
0%
wygłosić przemówienie give a speech
0%
szybko się rozprzestrzeniać go viral
0%
chwyt grip
0%
wzrastać grow in number
0%
jelito gut
0%
mieć talent do have an aptitude for
0%
wirus ukryty hidden virus
0%
pokrywa lodowa ice cap
0%
system odpornościowy immune system
0%
w skrócie in a nutshell
0%
podsumowując in conclusion
0%
czynnik drażniący irritant
0%
zrelaksować się kick back
0%
ograniczać limit
0%
sprawdzać wskazówki look up directions
0%
choroba płuc lung condition
0%
przyczynić się, wnieść wkład make a contribution
0%
składać się na make up
0%
gad morski marine reptile
0%
pomiar measurement
0%
leczniczy medicinal
0%
drobnoustrój microbe
0%
mikroorganizm microorganism
0%
zadziwiający, szokujący mind-blowing
0%
struktura molekularna molecular structure
0%
skuter moped
0%
mnożenie multiplication
0%
nazwać coś na cześć kogoś name sth after sb
0%
system nerwowy nervous system
0%
jądro nucleus
0%
wykroczenie offence
0%
sprawca, przestępca offender
0%
przeprowadzać operację operate on
0%
przestrzeń kosmiczna outer space
0%
patogen, czynnik chorobotwórczy pathogen
0%
okresowo periodically
0%
zakres cenowy price range
0%
pod warunkiem (że) provided (that)
0%
promieniotwórczość radioactivity
0%
zostać wyróżnionym receive a mention
0%
docenić osiągnięcie recognise an achievement
0%
system regulacji regulatory system
0%
względność relativity
0%
niezwykły remarkable
0%
zdalny, zdalnie sterowany remote
0%
odporny resistant
0%
system oddechowy respiratory system
0%
reagować respond
0%
wzrastać rise
0%
operacja z użyciem robotów robotic surgery
0%
przejechać kogoś run sb over
0%
nawigacja satelitarna sat-nav
0%
środki bezpieczeństwa security measures
0%
dostrzec potencjał see potential
0%
być wolnym od infekcji stay infection-free
0%
pamięć (w komputerze) storage
0%
trzymać coś, przechowywać store sth
0%
odejmowanie subtraction
0%
wystarczający sufficient
0%
przełożony, nadzorca supervisor
0%
oddział chirurgiczny surgical unit
0%
zachować równowagę take a balance
0%
brać kogoś pod uwagę take sb into account
0%
kran tap
0%
teoria względności theory of relativity
0%
bramka poboru opłat na autostradzie tollbooth
0%
najwyższej klasy top-of-the-range
0%
nakłaniać kogoś do zrobienia czegoś urge sb to do sth
0%
drażnić, irytować kogoś wind sb up
0%
zdobyć szacunek win the respect
0%
edycja tekstu word processing
0%
Nie znaleziono quizów pasujących do podanych kryteriów
Rozkład punktacji
Procent ludzi z każdym wynikiem
Percentyl według liczby udzielonych odpowiedzi
Twoja historia wyników
Nie rozwiązałeś tego quizu